000
00285nam a2200121 a 4500
008
100921s1987|||| d
245
1
0
_a
Babylon 1
100
1
_a
Figuli, Margita
020
_c
52
260
_b
Slovenský spisovateľ
_a
Bratislava
_c
1987
044
_a
xo
_c
SK
041
_a
slo
999
_c
10551
_d
10551